| 000 | 00536nam a2200193Ia 4500 | ||
|---|---|---|---|
| 005 | 20250326142847.0 | ||
| 008 | 250326s9999 xx 000 0 und d | ||
| 037 | _aTextbook | ||
| 040 |
_aFMSL _beng _cFMSL |
||
| 041 |
_aeng _2eng |
||
| 084 |
_aX:89Q P1 _qFMSL |
||
| 100 | _aChase R B | ||
| 245 | 0 |
_aOperations management for competitive advantage _cChase R B And Others |
|
| 250 | _aEd 9 | ||
| 260 |
_aNew York _bNew York, McGraw Hill _c2001 |
||
| 300 | _a763p | ||
| 942 |
_cTB _hX:89Q P1 |
||
| 999 |
_c1296987 _d1296987 |
||